Women Entrepreneurship in the Indian Middle Class: (Record no. 201619)

MARC details
000 -LEADER
fixed length control field 00796nam a22002297a 4500
005 - DATE AND TIME OF LATEST TRANSACTION
control field 20240320112437.0
010 ## - LCCN (DPL NO)
LC control number ENG-139494
020 ## - INTERNATIONAL STANDARD BOOK NUMBER
International Standard Book Number 9789354421457
Terms of availability 1075.00
035 ## - SYSTEM CONTROL NUMBER
System control number EN-123026
037 ## - SOURCE OF ACQUISITION
Source of stock number/acquisition DBAD/PUB
082 ## - DEWEY DECIMAL CLASSIFICATION NUMBER
Classification number 338.04082
Edition number 1
100 ## - MAIN ENTRY--PERSONAL NAME
Personal name Unni, Jeemol
245 ## - TITLE STATEMENT
Title Women Entrepreneurship in the Indian Middle Class:
Remainder of title Interdisciplinary Perspectives/
Statement of responsibility, etc By Jeemol Unni...[et.al]
250 ## - EDITION STATEMENT
Edition statement 1
260 ## - PUBLICATION, DISTRIBUTION, ETC. (IMPRINT)
Place of publication, distribution, etc Hyderabad
Name of publisher, distributor, etc Orient Blackswan Private Ltd
Date of publication, distribution, etc 2021
270 ## - ADDRESS
Address 3-6-752, Himayatnagar
City Hyderabad
Postal code 500029
Electronic mail address info@orintblackswan.com
300 ## - PHYSICAL DESCRIPTION
Extent xvii,271p.
Dimensions 21cm(pbk)
700 ## - ADDED ENTRY--PERSONAL NAME
Personal name Yadav, Vanita
Relator term Author
9 (RLIN) 63617
700 ## - ADDED ENTRY--PERSONAL NAME
Personal name Naik, Ravikiran
Relator term Author
9 (RLIN) 63618
700 ## - ADDED ENTRY--PERSONAL NAME
Personal name Dutta, Swati
Relator term Author
9 (RLIN) 63619
942 ## - ADDED ENTRY ELEMENTS (KOHA)
Source of classification or shelving scheme Dewey Decimal Classification
Classification part 338.04082
Item type English Books
Call number suffix UNN
Edition 1
Holdings
Withdrawn status Lost status Not for loan Collection code Home library Current library Date acquired Source of acquisition Cost, normal purchase price Full call number Barcode Copy number Cost, replacement price Koha item type
      Non-fiction Patel Nagar Patel Nagar 20/03/2024 DBAD 1075.00 338.04082 UNN EN-123026 1 1075.00 English Books

© Delhi Public Library
Hit Counter
free hit counter